Christianity in Manipur (Record no. 5330)

MARC details
000 -LEADER
fixed length control field 00573nam a2200205Ia 4500
003 - CONTROL NUMBER IDENTIFIER
control field OSt
005 - DATE AND TIME OF LATEST TRANSACTION
control field 20241126110539.0
008 - FIXED-LENGTH DATA ELEMENTS--GENERAL INFORMATION
fixed length control field 160509b xxu||||| |||| 00| 0 eng d
040 ## - CATALOGING SOURCE
Transcribing agency GBC
082 ## - DEWEY DECIMAL CLASSIFICATION NUMBER
Classification number 275.417
Item number HAT
100 ## - MAIN ENTRY--PERSONAL NAME
Personal name Hatzaw, H.S.
9 (RLIN) 9493
245 ## - TITLE STATEMENT
Title Christianity in Manipur
Statement of responsibility, etc. by H.S. Hatzaw
260 ## - PUBLICATION, DISTRIBUTION, ETC.
Place of publication, distribution, etc. Churachandpur :
Name of publisher, distributor, etc. H Hangzakam
Date of publication, distribution, etc. c2003
300 ## - PHYSICAL DESCRIPTION
Extent 96p.
500 ## - GENERAL NOTE
General note Includes Bibliography
650 ## - SUBJECT ADDED ENTRY--TOPICAL TERM
Topical term or geographic name entry element Christianity
Form subdivision History
Geographic subdivision Manipur
9 (RLIN) 9617
654 ## - SUBJECT ADDED ENTRY--FACETED TOPICAL TERMS
Source of heading or term Christianity-History-Manipur
690 ## - LOCAL SUBJECT ADDED ENTRY--TOPICAL TERM (OCLC, RLIN)
Source of heading or term Christianity-History-Manipur
942 ## - ADDED ENTRY ELEMENTS (KOHA)
Source of classification or shelving scheme Dewey Decimal Classification
Koha item type Books
Koha issues (borrowed), all copies 13
Holdings
Withdrawn status Lost status Source of classification or shelving scheme Damaged status Not for loan Home library Current Library Shelving location Date acquired Total checkouts Total renewals Full call number Barcode Date last seen Date last checked out Copy number Price effective from Koha item type
    Dewey Decimal Classification     GRACE BIBLE COLLEGE GRACE BIBLE COLLEGE North East Collection 2018-03-14 16 1 275.417 HAT 010058 2025-09-24 2025-09-23 c.1 2018-03-14 Books
    Dewey Decimal Classification     GRACE BIBLE COLLEGE GRACE BIBLE COLLEGE Archives 2018-05-14     ARCH 275.417 HAT 010059 2025-05-01   c.2 2018-05-14 Archives
© Grace Bible College Library 2025